<?xml version='1.0' encoding='UTF-8'?>
  <record xmlns="http://www.loc.gov/MARC21/slim">
    <leader>00000ctm a22000007a 4500</leader>
    <controlfield tag="001">ocn972015297</controlfield>
    <controlfield tag="003">OCoLC</controlfield>
    <controlfield tag="005">20250522172133.7</controlfield>
    <controlfield tag="008">150220q14501500ne            000 0 lat d</controlfield>
    <datafield tag="040" ind1=" " ind2=" ">
      <subfield code="a">QGJ</subfield>
      <subfield code="b">eng</subfield>
      <subfield code="c">QGJ</subfield>
      <subfield code="d">OCLCQ</subfield>
    </datafield>
    <datafield tag="035" ind1=" " ind2=" ">
      <subfield code="a">(OCoLC)972015297</subfield>
    </datafield>
    <datafield tag="245" ind1="0" ind2="0">
      <subfield code="a">Antiphonale.</subfield>
      <subfield code="p">Pars aestivalis.</subfield>
      <subfield code="h">[muziekhandschrift]</subfield>
      <subfield code="f">UBU Hs. 411 (Hs 5 A 8).</subfield>
    </datafield>
    <datafield tag="260" ind1=" " ind2=" ">
      <subfield code="a">[Het Sticht],</subfield>
      <subfield code="c">[1450-1500]</subfield>
    </datafield>
    <datafield tag="300" ind1=" " ind2=" ">
      <subfield code="a">217 fol. :</subfield>
      <subfield code="b">randdecoratie, gedecoreerde initialen met penwerk ;</subfield>
      <subfield code="c">395 x 285 mm</subfield>
    </datafield>
    <datafield tag="336" ind1=" " ind2=" ">
      <subfield code="a">notated music</subfield>
      <subfield code="b">ntm</subfield>
      <subfield code="2">rdacontent</subfield>
    </datafield>
    <datafield tag="336" ind1=" " ind2=" ">
      <subfield code="a">text</subfield>
      <subfield code="b">txt</subfield>
      <subfield code="2">rdacontent</subfield>
    </datafield>
    <datafield tag="337" ind1=" " ind2=" ">
      <subfield code="a">unmediated</subfield>
      <subfield code="b">n</subfield>
      <subfield code="2">rdamedia</subfield>
    </datafield>
    <datafield tag="338" ind1=" " ind2=" ">
      <subfield code="a">volume</subfield>
      <subfield code="b">nc</subfield>
      <subfield code="2">rdacarrier</subfield>
    </datafield>
    <datafield tag="340" ind1=" " ind2=" ">
      <subfield code="a">perkament</subfield>
      <subfield code="k">1 kolom, 12 regels, littera textualis.</subfield>
    </datafield>
    <datafield tag="500" ind1=" " ind2=" ">
      <subfield code="a">Retro-invoer Handschriften UB Utrecht.</subfield>
    </datafield>
    <datafield tag="524" ind1=" " ind2=" ">
      <subfield code="a">Te citeren als: Universiteitsbibliotheek Utrecht Hs. 411 (Hs 5 A 8).</subfield>
    </datafield>
    <datafield tag="581" ind1=" " ind2=" ">
      <subfield code="a">A. Hulshof, Catalogus codicum manu scriptorum Bibliothecae Universitatis Rheno-Traiectinae. II. Traiecti ad Rhenum 1909. P. 64.</subfield>
    </datafield>
    <datafield tag="581" ind1=" " ind2=" ">
      <subfield code="a">Abteistadt Echternach. Festschrift Georges Kiesel, hrsg. v. P. Schritz &amp; A. Hoffmann. Luxemburg 1981. P. 192.</subfield>
    </datafield>
    <datafield tag="581" ind1=" " ind2=" ">
      <subfield code="a">F. Lochner, 'Un évèque musicien au Xe siècle: Radbod d'Utrecht (d. 917)', in: Tijdschrift van de Vereniging voor Nederlandse Muziekgeschiedenis 38 (1988). P. 12.</subfield>
    </datafield>
    <datafield tag="581" ind1=" " ind2=" ">
      <subfield code="a">G. Gerritsen-Geywitz, 'Die Chorbücher des Utrechter Marienkapitels aus kodikologischer sicht', in: Tijdschrift van de Koninklijke Vereniging voor Nederlandse Muziekgeschiedenis 53 (2003) 1-2. P. 277, passim, afb. op p. 288.</subfield>
    </datafield>
    <datafield tag="581" ind1=" " ind2=" ">
      <subfield code="a">H. Hofmann-Brandt, Die Tropen zu den Responsorien des Officiums. 2 Tle. Dissertatie Friedrich-Alexander-Universität, Erlangen-Nürnberg. Erlangen 1971. P. 187.</subfield>
    </datafield>
    <datafield tag="581" ind1=" " ind2=" ">
      <subfield code="a">H. van Laarhoven, Beschrijving van het Antiphonarium-handschrift 411 uit de collectie van de U.B. te Utrecht. Scriptie Muziekwetenschap, Univ. Utrecht 1987.</subfield>
    </datafield>
    <datafield tag="581" ind1=" " ind2=" ">
      <subfield code="a">Het Adriaansofficie. Critische uitgave volgens Ms. Utr. UB. 406 door een team van candidaten in de Muziekwetenschap o.l.v. H. Wagenaar-Nolthenius. Utrecht 1968. (= Scripta musicologica Ultrajectina) 2).</subfield>
    </datafield>
    <datafield tag="581" ind1=" " ind2=" ">
      <subfield code="a">I. de Loos, 'Plange quasi virgo. An Archaeological study of the Utrecht responsory tradition', in: The Di Martinelli Music Collection. Musical Life in Collegiate Churches in the Low Countries and Europe. Chant and Polyphony. Colloquium Proceedings 1997-1998. Eds. B. Bouckaert &amp; E. Schreurs. Leuven 2000, p. 169-191. (= Yearbook of the Alamire Foundation 4). P. 174, 187.</subfield>
    </datafield>
    <datafield tag="581" ind1=" " ind2=" ">
      <subfield code="a">K. Vellekoop (Ed.), Liber ordinarius Sancte Marie Traiectensis. The Ordinal of St Mary's Church, Utrecht (Ms. London, British Library, Add. 9769). Ed. by K. Vellekoop. Delft 1996. (= Documenta et archivalia ad historiam musicae Neerlandicae 6). P. 17.</subfield>
    </datafield>
    <datafield tag="581" ind1=" " ind2=" ">
      <subfield code="a">K. van der Horst, Illuminated and decorated medieval manuscripts in the University Library, Utrecht. An illustrated catalogue. Maarssen / 's-Gravenhage 1989. P. p. 26-27 nr. 91, afb. 447-449.</subfield>
    </datafield>
    <datafield tag="581" ind1=" " ind2=" ">
      <subfield code="a">P.A. Tiele, Catalogus codicum manu scriptorum Bibliothecae Universitatis Rheno-Trajectinae. I. Trajecti ad Rhenum / Hagae Comitis 1887. P. 140.</subfield>
    </datafield>
    <datafield tag="581" ind1=" " ind2=" ">
      <subfield code="a">R.J. de Neeve, Historia de transfiguracione Ihesu Christi. Critische uitgave volgens Ms. Utr. UB 406. Utrecht 1971 (gestencild). (= Scripta musicologica Ultrajectina. Werkstukken van Utrechtse musicologen 3). P. 2, 12-15, 33-46; Aanhangsel I.</subfield>
    </datafield>
    <datafield tag="581" ind1=" " ind2=" ">
      <subfield code="a">Utrecht tussen kerk en staat. Onder red. van R.E.V. Stuip &amp; C. Vellekoop. Hilversum 1991. P. 231.</subfield>
    </datafield>
    <datafield tag="655" ind1=" " ind2="7">
      <subfield code="a">Handschriften (vorm)</subfield>
      <subfield code="2">gtt</subfield>
    </datafield>
    <datafield tag="710" ind1="2" ind2=" ">
      <subfield code="a">Kapittel van Ste Marie (Utrecht)</subfield>
      <subfield code="e">former owner</subfield>
      <subfield code="4">fmo</subfield>
      <subfield code="5">NL-UtRU</subfield>
    </datafield>
    <datafield tag="856" ind1="4" ind2="1">
      <subfield code="u">http://objects.library.uu.nl/reader/resolver.php?obj=002652098&amp;type=2</subfield>
      <subfield code="x">Online</subfield>
      <subfield code="z">Full Text</subfield>
    </datafield>
    <datafield tag="936" ind1=" " ind2=" ">
      <subfield code="a">BATCHLOAD</subfield>
    </datafield>
  </record>